Speaking
Make yourself understood in business This brand new self-study book is the perfect way for business people who spend a lot of time on the phone or in meetings and want to improve their spoken English, getting their message across effectively. The focus is on the key language required to speak Englis...
Salvato in:
| Autore principale: | |
|---|---|
| Natura: | Libro |
| Lingua: | Undetermined |
| Pubblicazione: |
Thành phố Hồ Chí Minh
Tổng hợp
2014
|
| Soggetti: | |
| Tags: |
Aggiungi Tag
Nessun Tag, puoi essere il primo ad aggiungerne! !
|
| Thư viện lưu trữ: | Trung tâm Học liệu Trường Đại học Cần Thơ |
|---|
| LEADER | 01106nam a2200205Ia 4500 | ||
|---|---|---|---|
| 001 | CTU_202339 | ||
| 008 | 210402s9999 xx 000 0 und d | ||
| 082 | |a 428.2402465 | ||
| 082 | |b S364/CD | ||
| 100 | |a Schofield, James | ||
| 245 | 0 | |a Speaking | |
| 245 | 0 | |c James Schofield, Anna Osborn | |
| 260 | |a Thành phố Hồ Chí Minh | ||
| 260 | |b Tổng hợp | ||
| 260 | |c 2014 | ||
| 520 | |a Make yourself understood in business This brand new self-study book is the perfect way for business people who spend a lot of time on the phone or in meetings and want to improve their spoken English, getting their message across effectively. The focus is on the key language required to speak English accurately in business. | ||
| 650 | |a Tiếng Anh,Business communication,Giao tiếp kinh doanh,English language,Tiếng Anh,English language | ||
| 650 | |x Tiếng Anh thương mại,Business English,Problems, exercises, etc.,Tiếng Anh thương mại,Câu hỏi, bài tập,vv,Business English | ||
| 904 | |i Tuyến | ||
| 980 | |a Trung tâm Học liệu Trường Đại học Cần Thơ | ||